Statistics for 1971 College Football AP Poll

Click here to take the quiz!

General Stats

  • This quiz has been taken 13 times
  • The average score is 283 of 300

Answer Stats

WeekRankTeamWLTConference% Correct
Week 1 (9/13)16Arizona State00WAC
100%
Week 8 (11/1)10Arizona State61WAC
100%
Week 7 (10/25)13Arizona State51WAC
100%
Postseason8Arizona State111WAC
100%
Week 12 (11/29)9Arizona State101WAC
100%
Week 6 (10/18)14Arizona State41WAC
100%
Preseason14Arizona State00WAC
100%
Week 5 (10/11)11Arizona State40WAC
100%
Week 11 (11/22)9Arizona State91WAC
100%
Week 3 (9/27)13Arizona State20WAC
100%
Week 9 (11/8)9Arizona State71WAC
100%
Week 10 (11/15)9Arizona State81WAC
100%
Week 2 (9/20)15Arizona State10WAC
100%
Week 4 (10/4)12Arizona State30WAC
100%
Week 13 (12/6)8Arizona State101WAC
100%
Week 12 (11/29)16Arkansas821Southwest
100%
Week 7 (10/25)8Arkansas61Southwest
100%
Week 13 (12/6)18Arkansas821Southwest
100%
Week 10 (11/15)17Arkansas721Southwest
100%
Week 1 (9/13)6Arkansas10Southwest
100%
Week 4 (10/4)17Arkansas31Southwest
100%
Week 6 (10/18)9Arkansas51Southwest
100%
Week 11 (11/22)17Arkansas821Southwest
100%
Week 5 (10/11)16Arkansas41Southwest
100%
Week 9 (11/8)17Arkansas621Southwest
100%
Week 2 (9/20)7Arkansas20Southwest
100%
Week 3 (9/27)18Arkansas21Southwest
100%
Week 8 (11/1)16Arkansas62Southwest
100%
Preseason7Arkansas00Southwest
100%
Postseason16Arkansas831Southwest
100%
Week 4 (10/4)10Georgia40SEC
100%
Week 11 (11/22)7Georgia91SEC
100%
Week 13 (12/6)6Georgia101SEC
100%
Week 6 (10/18)8Georgia60SEC
100%
Week 9 (11/8)7Georgia90SEC
100%
Week 10 (11/15)8Georgia91SEC
100%
Week 7 (10/25)7Georgia70SEC
100%
Week 1 (9/13)11Georgia10SEC
100%
Week 5 (10/11)8Georgia50SEC
100%
Week 3 (9/27)11Georgia30SEC
100%
Postseason7Georgia111SEC
100%
Preseason18Georgia00SEC
100%
Week 8 (11/1)7Georgia80SEC
100%
Week 12 (11/29)7Georgia101SEC
100%
Week 2 (9/20)14Georgia20SEC
100%
Week 3 (9/27)2Michigan30Big Ten
100%
Week 13 (12/6)4Michigan110Big Ten
100%
Week 11 (11/22)4Michigan110Big Ten
100%
Week 5 (10/11)3Michigan50Big Ten
100%
Week 4 (10/4)2Michigan40Big Ten
100%
Week 12 (11/29)4Michigan110Big Ten
100%
Week 2 (9/20)4Michigan20Big Ten
100%
Week 1 (9/13)4Michigan10Big Ten
100%
Postseason6Michigan111Big Ten
100%
Week 9 (11/8)3Michigan90Big Ten
100%
Preseason4Michigan00Big Ten
100%
Week 8 (11/1)3Michigan80Big Ten
100%
Week 7 (10/25)3Michigan70Big Ten
100%
Week 10 (11/15)3Michigan100Big Ten
100%
Week 6 (10/18)3Michigan60Big Ten
100%
Week 9 (11/8)1Nebraska90Big Eight
100%
Week 4 (10/4)1Nebraska40Big Eight
100%
Week 8 (11/1)1Nebraska80Big Eight
100%
Week 1 (9/13)1Nebraska10Big Eight
100%
Week 10 (11/15)1Nebraska100Big Eight
100%
Week 5 (10/11)1Nebraska50Big Eight
100%
Week 6 (10/18)1Nebraska60Big Eight
100%
Week 12 (11/29)1Nebraska110Big Eight
100%
Week 3 (9/27)1Nebraska30Big Eight
100%
Week 11 (11/22)1Nebraska100Big Eight
100%
Week 2 (9/20)1Nebraska20Big Ten
100%
Week 7 (10/25)1Nebraska70Big Eight
100%
Week 13 (12/6)1Nebraska120Big Eight
100%
Preseason2Nebraska00Big Eight
100%
Postseason1Nebraska130Big Eight
100%
Week 4 (10/4)18North Carolina40ACC
100%
Week 12 (11/29)18North Carolina92ACC
100%
Week 3 (9/27)20North Carolina30ACC
100%
Week 11 (11/22)19North Carolina92ACC
100%
Week 11 (11/22)13Notre Dame82Independent
100%
Week 8 (11/1)8Notre Dame61Independent
100%
Week 9 (11/8)8Notre Dame71Independent
100%
Week 10 (11/15)7Notre Dame81Independent
100%
Week 6 (10/18)6Notre Dame50Independent
100%
Week 7 (10/25)12Notre Dame51Independent
100%
Week 5 (10/11)7Notre Dame40Independent
100%
Preseason1Notre Dame00Independent
100%
Week 13 (12/6)13Notre Dame82Independent
100%
Week 4 (10/4)7Notre Dame30Independent
100%
Week 3 (9/27)4Notre Dame20Independent
100%
Week 1 (9/13)2Notre Dame00Independent
100%
Week 2 (9/20)2Notre Dame10Independent
100%
Postseason13Notre Dame82Independent
100%
Week 12 (11/29)14Notre Dame82Independent
100%
Week 5 (10/11)13Ohio State31Big Ten
100%
Week 2 (9/20)6Ohio State10Big Ten
100%
Week 6 (10/18)12Ohio State41Big Ten
100%
Week 9 (11/8)16Ohio State62Big Ten
100%
Preseason11Ohio State00Big Ten
100%
Week 3 (9/27)14Ohio State11Big Ten
100%
Week 4 (10/4)15Ohio State21Big Ten
100%
Week 7 (10/25)10Ohio State51Big Ten
100%
Week 1 (9/13)5Ohio State10Big Ten
100%
Week 8 (11/1)9Ohio State61Big Ten
100%
Week 2 (9/20)11Oklahoma10Big Eight
100%
Week 11 (11/22)2Oklahoma90Big Eight
100%
Week 13 (12/6)3Oklahoma101Big Eight
100%
Week 4 (10/4)8Oklahoma30Big Eight
100%
Week 8 (11/1)2Oklahoma70Big Eight
100%
Postseason2Oklahoma111Big Eight
100%
Week 1 (9/13)10Oklahoma00Big Eight
100%
Week 10 (11/15)2Oklahoma90Big Eight
100%
Week 7 (10/25)2Oklahoma60Big Eight
100%
Week 6 (10/18)2Oklahoma50Big Eight
100%
Preseason10Oklahoma00Big Eight
100%
Week 12 (11/29)3Oklahoma91Big Eight
100%
Week 9 (11/8)2Oklahoma80Big Eight
100%
Week 5 (10/11)2Oklahoma40Big Eight
100%
Week 3 (9/27)8Oklahoma20Big Eight
100%
Week 10 (11/15)6Penn State90Independent
100%
Week 12 (11/29)5Penn State100Independent
100%
Week 9 (11/8)5Penn State80Independent
100%
Postseason5Penn State111Independent
100%
Week 7 (10/25)6Penn State60Independent
100%
Week 1 (9/13)14Penn State00Independent
100%
Week 4 (10/4)9Penn State30Independent
100%
Week 3 (9/27)9Penn State20Independent
100%
Week 8 (11/1)6Penn State70Independent
100%
Week 13 (12/6)10Penn State101Independent
100%
Week 11 (11/22)6Penn State100Independent
100%
Week 6 (10/18)7Penn State50Independent
100%
Preseason12Penn State00Independent
100%
Week 2 (9/20)12Penn State10Independent
100%
Week 5 (10/11)9Penn State40Independent
100%
Week 5 (10/11)20Purdue22Big Ten
100%
Week 6 (10/18)17Purdue32Big Ten
100%
Week 8 (11/1)12Stanford62Pacific-8
100%
Week 12 (11/29)16Stanford83Pacific-8
100%
Week 2 (9/20)13Stanford20Pacific-8
100%
Week 4 (10/4)19Stanford31Pacific-8
100%
Week 1 (9/13)13Stanford10Pacific-8
100%
Week 7 (10/25)17Stanford52Pacific-8
100%
Week 9 (11/8)10Stanford72Pacific-8
100%
Week 13 (12/6)16Stanford83Pacific-8
100%
Week 11 (11/22)16Stanford83Pacific-8
100%
Week 6 (10/18)10Stanford51Pacific-8
100%
Preseason19Stanford00Pacific-8
100%
Week 3 (9/27)10Stanford30Pacific-8
100%
Postseason10Stanford93Pacific-8
100%
Week 10 (11/15)18Stanford73Pacific-8
100%
Week 5 (10/11)15Stanford41Pacific-8
100%
Postseason9Tennessee102SEC
100%
Preseason8Tennessee00SEC
100%
Week 8 (11/1)11Tennessee52SEC
100%
Week 9 (11/8)11Tennessee62SEC
100%
Week 4 (10/4)13Tennessee21SEC
100%
Week 7 (10/25)16Tennessee42SEC
100%
Week 6 (10/18)18Tennessee32SEC
100%
Week 12 (11/29)12Tennessee82SEC
100%
Week 3 (9/27)12Tennessee11SEC
100%
Week 11 (11/22)11Tennessee72SEC
100%
Week 2 (9/20)9Tennessee10SEC
100%
Week 13 (12/6)9Tennessee92SEC
100%
Week 5 (10/11)14Tennessee31SEC
100%
Week 1 (9/13)8Tennessee00SEC
100%
Week 10 (11/15)11Tennessee62SEC
100%
Week 6 (10/18)16Texas32Southwest
100%
Week 13 (12/6)12Texas82Southwest
100%
Preseason3Texas00Southwest
100%
Week 4 (10/4)3Texas30Southwest
100%
Postseason18Texas83Southwest
100%
Week 12 (11/29)11Texas82Southwest
100%
Week 7 (10/25)14Texas42Southwest
100%
Week 11 (11/22)12Texas72Southwest
100%
Week 8 (11/1)15Texas52Southwest
100%
Week 9 (11/8)13Texas62Southwest
100%
Week 5 (10/11)10Texas31Southwest
100%
Week 1 (9/13)3Texas00Southwest
100%
Week 3 (9/27)3Texas20Southwest
100%
Week 10 (11/15)12Texas72Southwest
100%
Week 2 (9/20)3Texas10Southwest
100%
Preseason15UCLA00Pacific-8
100%
Week 10 (11/15)15USC64Pacific-8
100%
Week 9 (11/8)15USC54Pacific-8
100%
Postseason20USC641Pacific-8
100%
Week 2 (9/20)16USC11Pacific-8
100%
Preseason5USC00Pacific-8
100%
Week 8 (11/1)17USC44Pacific-8
100%
Week 3 (9/27)17USC21Pacific-8
100%
Week 1 (9/13)17USC01Pacific-8
100%
Week 7 (10/25)20USC34Pacific-8
100%
Week 9 (11/8)19Washington72Pacific-8
100%
Week 12 (11/29)20Washington83Pacific-8
100%
Week 5 (10/11)18Washington41Pacific-8
100%
Week 3 (9/27)15Washington30Pacific-8
100%
Week 13 (12/6)20Washington83Pacific-8
100%
Week 2 (9/20)17Washington20Pacific-8
100%
Week 4 (10/4)11Washington40Pacific-8
100%
Week 11 (11/22)20Washington83Pacific-8
100%
Postseason19Washington83Pacific-8
100%
Week 8 (11/1)20Washington62Pacific-8
100%
Week 9 (11/8)4Alabama90SEC
90%
Week 13 (12/6)2Alabama110SEC
90%
Week 6 (10/18)4Alabama60SEC
90%
Week 11 (11/22)3Alabama100SEC
90%
Week 5 (10/11)4Alabama50SEC
90%
Week 3 (9/27)7Alabama30SEC
90%
Week 12 (11/29)2Alabama110SEC
90%
Week 4 (10/4)6Alabama40SEC
90%
Week 7 (10/25)4Alabama70SEC
90%
Week 2 (9/20)8Alabama20SEC
90%
Week 10 (11/15)4Alabama100SEC
90%
Postseason4Alabama111SEC
90%
Week 8 (11/1)4Alabama80SEC
90%
Week 1 (9/13)9Alabama10SEC
90%
Preseason16Alabama00SEC
90%
Week 13 (12/6)5Auburn91SEC
90%
Week 3 (9/27)5Auburn20SEC
90%
Week 2 (9/20)5Auburn10SEC
90%
Week 12 (11/29)6Auburn91SEC
90%
Week 4 (10/4)4Auburn30SEC
90%
Week 1 (9/13)7Auburn00SEC
90%
Postseason12Auburn92SEC
90%
Preseason6Auburn00SEC
90%
Week 5 (10/11)5Auburn40SEC
90%
Week 9 (11/8)6Auburn80SEC
90%
Week 7 (10/25)5Auburn60SEC
90%
Week 6 (10/18)5Auburn50SEC
90%
Week 11 (11/22)5Auburn90SEC
90%
Week 10 (11/15)5Auburn90SEC
90%
Week 8 (11/1)5Auburn70SEC
90%
Week 11 (11/22)8Colorado92Big Eight
90%
Week 7 (10/25)9Colorado61Big Eight
90%
Week 13 (12/6)7Colorado92Big Eight
90%
Week 2 (9/20)10Colorado20Big Eight
90%
Week 12 (11/29)8Colorado92Big Eight
90%
Week 4 (10/4)5Colorado40Big Eight
90%
Week 6 (10/18)11Colorado51Big Eight
90%
Week 3 (9/27)6Colorado30Big Eight
90%
Week 1 (9/13)12Colorado10Big Eight
90%
Postseason3Colorado102Big Eight
90%
Week 8 (11/1)13Colorado62Big Eight
90%
Week 5 (10/11)6Colorado50Big Eight
90%
Week 9 (11/8)12Colorado72Big Eight
90%
Week 10 (11/15)10Colorado82Big Eight
90%
Week 7 (10/25)19Florida State61Independent
90%
Week 5 (10/11)19Florida State50Independent
90%
Preseason17Georgia Tech00Independent
90%
Week 9 (11/8)20LSU53SEC
90%
Week 13 (12/6)11LSU83SEC
90%
Postseason11LSU93SEC
90%
Preseason9LSU00SEC
90%
Week 8 (11/1)18LSU52SEC
90%
Week 2 (9/20)18LSU11SEC
90%
Week 7 (10/25)11LSU51SEC
90%
Week 6 (10/18)13LSU51SEC
90%
Week 10 (11/15)14LSU63SEC
90%
Week 4 (10/4)16LSU31SEC
90%
Week 12 (11/29)10LSU83SEC
90%
Week 11 (11/22)10LSU73SEC
90%
Week 5 (10/11)12LSU41SEC
90%
Week 3 (9/27)16LSU21SEC
90%
Week 1 (9/13)18Michigan State10Big Ten
90%
Week 10 (11/15)19Michigan State64Big Ten
90%
Week 10 (11/15)20Ole Miss82SEC
90%
Week 11 (11/22)18Ole Miss82SEC
90%
Week 12 (11/29)18Ole Miss92SEC
90%
Week 13 (12/6)17Ole Miss92SEC
90%
Postseason15Ole Miss102SEC
90%
Week 1 (9/13)19South Carolina10Independent
90%
Week 6 (10/18)20Air Force41Independent
80%
Week 7 (10/25)18Air Force51Independent
80%
Week 3 (9/27)19Duke30ACC
80%
Week 2 (9/20)20Duke20ACC
80%
Week 6 (10/18)19Duke51ACC
80%
Week 4 (10/4)14Duke40ACC
80%
Postseason17Houston93Independent
80%
Week 8 (11/1)19Houston52Independent
80%
Week 11 (11/22)15Houston82Independent
80%
Week 9 (11/8)18Houston62Independent
80%
Week 12 (11/29)15Houston92Independent
80%
Week 10 (11/15)16Houston72Independent
80%
Week 13 (12/6)15Houston92Independent
80%
Week 1 (9/13)20Houston10Independent
80%
Week 13 (12/6)19Northwestern74Big Ten
80%
Preseason20Northwestern00Big Ten
80%
Preseason13Syracuse00Independent
70%
Week 1 (9/13)15Syracuse00Independent
70%
Week 9 (11/8)14Toledo90MAC
50%
Week 4 (10/4)20Toledo40MAC
50%
Week 13 (12/6)14Toledo110MAC
50%
Week 8 (11/1)14Toledo80MAC
50%
Week 11 (11/22)14Toledo110MAC
50%
Postseason14Toledo120MAC
50%
Week 6 (10/18)14Toledo60MAC
50%
Week 7 (10/25)15Toledo70MAC
50%
Week 12 (11/29)13Toledo110MAC
50%
Week 10 (11/15)13Toledo100MAC
50%
Week 2 (9/20)19Toledo20MAC
50%
Week 5 (10/11)17Toledo50MAC
50%

Score Distribution

Percentile by Number Answered

Percent of People with Each Score

Your Score History

You have not taken this quiz